World Largest Cities that are at Least 500 km Inland - Statistics

General Stats
  • This quiz has been taken 116 times
  • The average score is 8 of 15
Answer Stats
Population Answer % Correct
12,380,000 Moscow
95%
4,430,000 Johannesburg
67%
14,430,000 Chengdu
64%
11,130,000 Lahore
64%
8,710,000 Xi’an
64%
8,190,000 Chongqing
63%
9,735,000 Kinshasa
54%
9,790,000 Wuhan
53%
7,780,000 Bogota
49%
3,410,000 Kabul
48%
4,280,000 Harbin
36%
16,790,000 New Delhi
34%
7,180,000 Baghdad
31%
3,210,000 Madrid
31%
7,040,000 Changsha
20%
No matching quizzes found
Score Distribution
Percent of People with Each Score
Percentile by Number Answered
Your Score History
You have not taken this quiz